000 00429nam a2200169Ia 4500
008 180921t2015 xxu||||| |||| 00| 0 sin d
041 _asin
080 _aX8C3
_b(Youth) RAH
100 _aRahubaddha, Sumithra
245 _aමිංචා
246 _aMincha
260 _bPlatform For Alternate Culture
_aNugegoda
_c2015
300 _a120p, 21cm
942 _cBK
999 _c11844
_d11844
003 LK-CoDNM
040 _aLK-CoDNM
_dLK-CoDNM
_eLK-CoDNM